Movie By Quote - Statistics

General Stats
  • This quiz has been taken 33 times
  • The average score is 14 of 20
Answer Stats
Quote: Movie: % Correct
No, I am your father. Star Wars
94%
My precious! Lord of the Rings
91%
Hakuna Matata. The Lion King
91%
My mama always said, ‘Life was like a box of chocolates. You never know what you’re gonna get.' Forrest Gump
88%
Magic Mirror on the wall, who is the fairest one of all? Snow White
88%
To infinity and beyond Toy Story
88%
I am Groot. Guardians of the Galaxy
84%
A martini. Shaken not stirred, James Bond
84%
Nobody puts Baby in a corner Dirty Dancing
75%
You're gonna need a bigger boat. Jaws
72%
I'm going to make him an offer he can't refuse. The Godfather
72%
Just keep swimming. Finding Nemo
69%
May The Odds Be Ever In Your Favor. Hunger Games
69%
What Are You Doing In My Swamp!? Shrek
69%
It's alive! It's alive! Frankenstein
66%
They may take our lives. But they´ll never take our freedom! Braveheart
59%
I solemly swear I am up to no good. Harry Potter
59%
Dormammu, I've come to bargain. Doctor Strange
44%
He chose...poorly Indiana Jones
34%
I don’t have friends, I have family. Fast and Furious
28%
No matching quizzes found
Score Distribution
Percent of People with Each Score
Percentile by Number Answered
Your Score History
You have not taken this quiz